|
|
|
|
| LEADER |
00000nam a22000007a 4500 |
| 005 |
20211123210950.0 |
| 007 |
cr|||| |||| |
| 008 |
211123s2020 es |||||s|||| 00||0 spa d |
| 020 |
|
|
|a 978-84-9961-312-3
|
| 035 |
|
|
|a 35686
|
| 040 |
|
|
|a vLex
|
| 090 |
|
|
|c 12680
|d 12680
|
| 100 |
1 |
|
|a Calaza Lp̤ez, Sonia
|
| 245 |
1 |
0 |
|a Justicia, reparacin̤ y reinsercin̤
|h [Recurso electrn̤ico] /
|c Sonia Calaza Lp̤ez, Jos ̌Carlos Muinelo Cobo
|
| 256 |
|
|
|a Servicio en ln̕ea
|
| 260 |
|
|
|a Madrid:
|b Editorial Universitaria Ramn̤ Areces,
|c 2020
|
| 300 |
|
|
|a 1 recurso electrn̤ico
|
| 500 |
|
|
|a Esta obra aborda la situacin̤ actual de lastres finalidades esenciales de la justicia penal, esto es, el ejercicio del ius puniendi, la tutela y reparacin̤ de la vc̕tima y a reinsercin̤ del penado. Para ello parte del anl̀isis que los profesionales de la Justicia hacen, desde su experiencia como protagonistas directos de la justicia penal, de las principales reformas operadas en nuestro ordenamiento jurd̕ico penal (reformas de los plazos procesales penales, proceso por aceptacin̤ de decreto, mediacin̤ penal), de las cuestiones de actualidad (indulto, reforma de los delitos de sedicin̤ y rebelin̤, conformidad) y de los retos de futuro a los que se enfrenta la Justicia penal (cd̤igo procesal penal, revolucin̤ digital, dinamizacin̤ de la justicia penal).
|
| 506 |
1 |
|
|a Disponible solo en los productos indicados
|d vLex Global
|d vLex Global (Academic Edition, excluding Law Schools)
|d vLex Global (U.S. Academic Edition, Law Schools)
|d vLex Global (U.S. Academic Edition, excluding Law Schools)
|d vLex Global (Academic Edition, Law Schools)
|
| 650 |
0 |
4 |
|a Derecho Penal
|z Espaą
|
| 650 |
0 |
4 |
|a Procedimiento Penal
|z Espaą
|
| 700 |
1 |
|
|a Muinelo Cobo, Jos ̌Carlos
|
| 740 |
0 |
|
|a vLex Libros (Servicio en ln̕ea)
|
| 856 |
4 |
0 |
|u https://app.vlex.com/#/sources/35686
|z Acceso restringido
|
| 942 |
|
|
|c BOOK
|
| 999 |
0 |
|
|a Criminal Law
|
| 999 |
0 |
|
|a Criminal Procedure
|